Statistics for Champions League Group Stage 2016-17

Click here to take the quiz!

General Stats

  • This quiz has been taken 40 times
  • The average score is 24 of 32

Answer Stats

Club % Correct
Leicester City
97%
Real Madrid
95%
Barcelona
95%
Arsenal
95%
Juventus
95%
Bayern Munich
95%
Atlético Madrid
92%
Manchester City
92%
Paris Saint-Germain
92%
Tottenham Hotspur
89%
Porto
84%
Borussia Dortmund
84%
Lyon
84%
Celtic
81%
Benfica
81%
Napoli
78%
PSV Eindhoven
76%
Monaco
76%
Borussia Mönchengladbach
76%
Copenhagen
70%
Sporting CP
70%
CSKA Moscow
70%
Sevilla
68%
Bayer Leverkusen
65%
Basel
62%
Beşiktaş
57%
Club Brugge
57%
Dinamo Zagreb
57%
Rostov
54%
Dynamo Kyiv
54%
Legia Warsaw
51%
Ludogorets Razgrad
43%

Score Distribution

Percentile by Number Answered

Percent of People with Each Score

Your Score History

You have not taken this quiz